Normal view
MARC view
- Shamoz ul Haq (NUST-2014-63503-MCES-64114-F)
Entry Personal Name
001 - CONTROL NUMBER
- control field: 116352
003 - CONTROL NUMBER IDENTIFIER
- control field: NUST
005 - DATE AND TIME OF LATEST TRANSACTION
- control field: 20230912165934.0
008 - FIXED-LENGTH DATA ELEMENTS
- fixed length control field: 230912|| aca||aabn | a|a d
040 ## - CATALOGING SOURCE
- Original cataloging agency: NUST
- Transcribing agency: NUST
100 ## - HEADING--PERSONAL NAME
- Personal name: Shamoz ul Haq (NUST-2014-63503-MCES-64114-F)
670 ## - SOURCE DATA FOUND
- Source citation: Work cat.: (NUST): Shamoz ul Haq (NUST-2014-63503-MCES-64114-F), Heat transfer enhancement using nanofluids for thermal energy applications /, 2017
